| 000 | 00539nam a22002057a 4500 | ||
|---|---|---|---|
| 003 | OSt | ||
| 005 | 20140310182927.0 | ||
| 008 | 130130t xxu||||| |||| 00| 0 eng d | ||
| 020 | _a971555007X | ||
| 050 |
_aBC108 _bC395 1994 |
||
| 082 |
_aFIL 160 _bC33 1994 |
||
| 245 |
_aElementary logic / _cCeniza, Claro R. |
||
| 260 |
_aManila : _bDe La Salle University Press, _c1994 |
||
| 300 |
_axii, 247 p.: _bill. ; _c23 cm. |
||
| 521 | _aCollege | ||
| 526 | _c1210L-1700L | ||
| 541 | _j1 | ||
| 562 | _e1 | ||
| 942 |
_2lcc _cBK _kFIL |
||
| 999 |
_c17443 _d17443 |
||